000 00411cam a2200169ua 4500
003 OSt
008 250325b |||||||| |||| 00| 0 eng d
041 _aeng
082 _a621.9021
_bAGG/FA
100 _aAggarwal, K B .
_97329
245 _aFabrication techniques /
250 _a3 /
260 _a :
_bKatsen publishing house ,
_c1982.
300 _a232 ; .
700 1 _aSingha, D R .
_97330
942 _cBK
999 _c9256
_d9256